00666nam a2200205Ia 4500001001000000003000500010008004100015010001100056040000900067082001900076100001800095245007000113260004500183300001200228440001800240500004600258650009600304700001800400710004200418Para_8133CHAP220125s9999 xx 000 0 und d a207038 cCHAP aPA-C 595.75 H4 aSymons, T. B. aSpraying for San José scale /c by T.B. Symons and G.P. Weldon aMaryland Agricultural Experiment Station a140-152 aHemiptera; 15 aEncuadernado con otros impresos similares ax Hemípteros x colecciones de escritos x Aspidiotus x Control biológico de insectos aWeldon, G. P. aMarylan. Agr. Exp. Sta. Bulletin; 125